[Event "SJNR-ch U16"]
[Site "Kranenburg"]
[Date "2005.01.03"]
[Round "2"]
[White "Otten, Thomas"]
[Black "Schimanski, Kevin"]
[Result "1-0"]
[WhiteElo "1567"]
[BlackElo "1016"]
[PlyCount "89"]
[EventDate "2005.01.02"]
[EventType "swiss"]
[EventRounds "7"]
[EventCountry "GER"]
[SourceTitle "EXT 2007"]
[Source "ChessBase"]
[SourceDate "2006.11.23"]
[SourceVersion "1"]
[SourceVersionDate "2006.11.23"]
[SourceQuality "1"]

1. b4 e5 2. Bb2 d6 3. e4 a6 4. c4 Be6 5. Nf3 Ne7 6. a4 Nd7 7. d4 Bg4 8. Be2 Nc6 9. b5 axb5 10. axb5 Rxa1 11. Bxa1 Ne7 12. dxe5 Bxf3 13. Bxf3 dxe5 14. 0-0 c6 15. bxc6 Nxc6 16. Qb3 Qc7 17. Rd1 Be7 18. Bg4 Ncb8 19. Qb5 Bf6 20. Nc3 h6 21. Nd5 Qc8 22. Nb6 Qc7 23. Bxd7+ Nxd7 24. Qxd7+ Qxd7 25. Nxd7 Ke7 26. Nxf6 gxf6 27. Rb1 Ra8 28. Rxb7+ Kf8 29. Bc3 Rd8 30. Kf1 Rd1+ 31. Ke2 Rg1 32. g3 Rh1 33. h4 Rc1 34. Bb4+ Kg7 35. c5 Rb1 36. c6 Rb2+ 37. Kf1 Rc2 38. c7 Kg6 39. Ba5 Rc5 40. Rb8 Rxa5 41. c8Q Ra1+ 42. Kg2 Re1 43. Qf5+ Kg7 44. Qg4+ Kh7 45. Qg8# 1-0